Human Resource Management/ (Record no. 182732)

MARC details
000 -LEADER
fixed length control field 00617nam a22002177a 4500
005 - DATE AND TIME OF LATEST TRANSACTION
control field 20250128142453.0
010 ## - LCCN (DPL NO)
LC control number ENG-130182 ENG-143651
020 ## - INTERNATIONAL STANDARD BOOK NUMBER
International Standard Book Number 9789352534357
Terms of availability 550.00
020 ## - INTERNATIONAL STANDARD BOOK NUMBER
International Standard Book Number 9789352534357
Terms of availability 795.00
035 ## - SYSTEM CONTROL NUMBER
System control number EN-113714
035 ## - SYSTEM CONTROL NUMBER
System control number EN-127183
037 ## - SOURCE OF ACQUISITION
Source of stock number/acquisition DBAD
082 ## - DEWEY DECIMAL CLASSIFICATION NUMBER
Classification number 658
100 ## - MAIN ENTRY--PERSONAL NAME
Personal name Khanka, S S.
245 ## - TITLE STATEMENT
Title Human Resource Management/
Statement of responsibility, etc By S S Khanka
250 ## - EDITION STATEMENT
Edition statement 2
260 ## - PUBLICATION, DISTRIBUTION, ETC. (IMPRINT)
Place of publication, distribution, etc New Delhi
Date of publication, distribution, etc 2019,2023(rep)
Name of publisher, distributor, etc S Chand And Company Limited
270 ## - ADDRESS
City New Delhi
Address Ram Nagar
Postal code 110055
300 ## - PHYSICAL DESCRIPTION
Extent 773p.
Dimensions 24cm (pbk)
Other physical details Index
942 ## - ADDED ENTRY ELEMENTS (KOHA)
Source of classification or shelving scheme Dewey Decimal Classification
Item type English Books
Classification part 658
Call number suffix KHA
Holdings
Withdrawn status Lost status Not for loan Collection code Home library Current library Date acquired Source of acquisition Cost, normal purchase price Full call number Barcode Copy number Cost, replacement price Koha item type
      Non-fiction Central Library Central Library 28/01/2025 Delivery of Books Act Division 795.00 658 KHA EN-127183 1 795.00 English Books
      Non-fiction Shahdara Branch Shahdara Branch 03/12/2021 DBAD/PUB 550.00 658 KHA EN-113714 1 550.00 English Books

© Delhi Public Library
Hit Counter
free hit counter